| 000 | 00000nam 2200000zi 4500 |
| 001 | 9.892482 |
| 003 | CaOODSP |
| 005 | 20230501140232 |
| 006 | m o d f |
| 007 | cr cn||||||||| |
| 008 | 201015s1995 onc o f000 0 eng d |
| 040 | |aCaOODSP|beng|erda|cCaOODSP |
| 043 | |an-cn--- |
| 086 | 1 |aNH15-843/1995E-PDF |
| 245 | 00|aNational strategic framework for Canada's housing exporters : |breport of the Federal Housing Export Strategies Task Force. |
| 264 | 1|a[Ottawa] : |bCanada Mortgage and Housing Corporation, |c[1995] |
| 300 | |a1 online resource (i, 14 pages) |
| 336 | |atext|btxt|2rdacontent |
| 337 | |acomputer|bc|2rdamedia |
| 338 | |aonline resource|bcr|2rdacarrier |
| 500 | |aDigitized edition from print [produced by Innovation, Science and Economic Development Canada]. |
| 500 | |aIssued also in French under title: Cadre stratégique national à l'intention des exportateurs canadiens du secteur de l'habitation : rapport du Groupe d'étude fédéral des stratégies d'exportation relatives à l'habitation. |
| 650 | 0|aHouse construction|zCanada. |
| 650 | 0|aBuilding|zCanada. |
| 650 | 0|aBuilding materials|zCanada. |
| 650 | 0|aDwellings|zCanada. |
| 650 | 0|aForeign trade promotion|zCanada. |
| 650 | 0|aExport marketing|zCanada. |
| 710 | 2 |aCanada Mortgage and Housing Corporation, |eissuing body. |
| 775 | 08|tCadre stratégique national à l'intention des exportateurs canadiens du secteur de l'habitation : |w(CaOODSP)9.922109 |
| 856 | 40|qPDF|s1.00 MB|uhttps://publications.gc.ca/collections/collection_2023/isde-ised/NH15-843-1995-eng.pdf |